000
00244nam a2200097Ia 4500
005
20251222114350.0
008
251222s1900||||xx |||||||||||||| ||spa||
082
_a
DVD0070/D98/2003
245
0
_a
El Sr. Ibrahim y las flores del corĂ¡n:
942
_c
DVD
999
_c
1224
_d
1224